Celní sazebník obchodního zboží Příloha k nařízení vlády ČSSR, kterým se vydáva celní sazebník obchodního zboží s účinností od 1.1. 1989

Gespeichert in:
Bibliographische Detailangaben
Format: Buch
Sprache:Tschechisch
Veröffentlicht: Praha Ústřední celní správa 1991
Ausgabe:1. vyd.
Schlagworte:
Tags: Tag hinzufügen
Keine Tags, Fügen Sie das erste Tag hinzu!

MARC

LEADER 00000nam a2200000 4500
001 c000986
005 20221214093302.5
020 |a 80-7049-014-4 
041 0 |a cze 
044 |a CZ 
245 1 0 |a Celní sazebník obchodního zboží  |b Příloha k nařízení vlády ČSSR, kterým se vydáva celní sazebník obchodního zboží s účinností od 1.1. 1989 
250 |a 1. vyd. 
264 1 |a Praha  |b Ústřední celní správa  |c 1991 
300 |a 455 s. 
610 2 0 |a sadzby colné 
610 2 0 |a ČSFR 
610 2 0 |a dovoz 
610 2 0 |a vývoz 
610 2 0 |a clá 
610 2 0 |a zmluvy obchodné 
610 2 0 |a doložka výhod najvyšších